| 000 | 00992nam a22003017a 4500 | ||
|---|---|---|---|
| 001 | BR8903000 | ||
| 003 | BR-BrBNA | ||
| 005 | 20230928093237.0 | ||
| 007 | ta | ||
| 008 | 230509b bl.||||| |||| 00| 0 por d | ||
| 040 |
_aBR-BrBNA _bpor _cBiblioteca Nacional de Agricultura |
||
| 041 | _a(Por) | ||
| 072 |
_aL10; L53 _b3580 _b5212 _b/G514 |
||
| 090 | _ 3580 BR8903000 | ||
| 100 | 1 | _aVale Filho, V.R. do | |
| 100 | 1 | _aPinto, P.A. | |
| 100 | 1 | _aFonseca, J. da | |
| 100 | 1 | _aSoares, L.C.O.V. | |
| 245 | 1 | _aPatologia do semen; diagnostico andrologico e classificacao do Bos taurus e Bos indicus quanto a fertilidade para uso como reprodutores em condicoes de Brasil - de um estudo em 1088 touros | |
| 260 | 3 |
_a[np]: _c[nd]. |
|
| 300 | _a54 p. | ||
| 500 | _a34 illus.; 7 tables; Bibliography p. 47-54 (104 ref.); Published after 1980 | ||
| 650 | _aTOURO | ||
| 650 | _aINSEMINACAO ARTIFICIAL | ||
| 650 | _aFERTILIDADE ANIMAL | ||
| 909 |
_a202309 _bLucia _c55 _dLucia Elande |
||
| 942 | _cBK | ||
| 999 |
_c43837 _d43837 |
||